| 000 | 00541nam a22002057a 4500 | ||
|---|---|---|---|
| 003 | Ost | ||
| 005 | 20250902085436.0 | ||
| 008 | 250901b |||||||| |||| 00| 0 eng d | ||
| 040 | _cBT-PhCST | ||
| 050 | _a25503-25507 | ||
| 082 |
_222 _a690.24 _bHAL |
||
| 100 | _aHall, Fred. | ||
| 245 | _aBuilding services handbook / | ||
| 250 | _a10th ed. | ||
| 260 |
_a New York : _bRoutledge Taylor & Francis Group. _cc2024. |
||
| 300 |
_axiv, 786 p. : _bill. ; _c25 cm. |
||
| 500 | _aIncludes index. | ||
| 700 | _aGreeno, Roger. | ||
| 942 |
_2ddc _cWRE |
||
| 999 |
_c10092 _d10092 |
||